00604 a2200181 450000100060000002000150000604000220002110000250004324000360006824500310010430000080013536200090014365000230015294200070017595201130018295201100029599900170040556898 a8508095155 cAnchieta - Pituba aAguiar, Luiz Antonio10aO mundo é dos canárioslpor10aO mundo é dos canários a1490 a2005 4aLiteratura juvenil cBK 00104070a91.1b91.1d2023-11-21l0oLJ 028.5 A282m AGU MUNp6617/PITr2023-11-21 18:24:28w2023-11-21yBK 00102ddc4070a57.2b57.2d2024-05-14l0pnt559r2024-05-14 18:34:15w2024-05-14yBKzestante laranjau c56898d56898